000 00734cam a2200193 a 4500
001 000007298
005 20200929154126.0
008 790717s1978 ve 000 0 spa
040 _aDO-SdBNP
_cDLC
_dDLC
082 _a891.81
_bA634c
245 0 0 _aAntología del cuento búlgaro /
_cprólogo de Alexis Márquez Rodríguez.
260 _aCaracas, Venezuela :
_bUniversitaria, U.C.V.,
_c1978.
300 _a369 p. ;
_c23 cm.
504 _aIncluye referencias bibliográficas y notas al pie de las páginas.
650 4 _aCuentos bulgaros
_xTraducciones al español
_920265
650 4 _aLiteratura bulgara
_xTraducciones al español
_920266
700 1 _aMarquez Rodriguez, Alexis,
_epról.
_920267
910 _aCatalogación por copia / LC
999 _c7079
_d7079